पुलिस और मानव अधिकार (Record no. 25395)

MARC details
000 -LEADER
fixed length control field 01523nam a22001697a 4500
020 ## - INTERNATIONAL STANDARD BOOK NUMBER
ISBN 978-81-7844-045-3
082 ## - DEWEY DECIMAL CLASSIFICATION NUMBER
Classification number 323.0954
Item number VOH-P
100 ## - MAIN ENTRY--AUTHOR NAME
Personal name वोहरा, बी. एल.
Fuller form of name Vohra,B.L
245 ## - TITLE STATEMENT
Title पुलिस और मानव अधिकार
246 ## - VARYING FORM OF TITLE
Title proper/short title Police aur manav adhikar
260 ## - PUBLICATION, DISTRIBUTION, ETC. (IMPRINT)
Place of publication नई दिल्ली
Name of publisher के. के. पब्लिकेशन्स
Year of publication 2017
300 ## - PHYSICAL DESCRIPTION
Number of Pages vi, 185p.
520 ## - SUMMARY, ETC.
Summary, etc मानवातधकार और पुतलस व्यवस्था समाज की समस्याओं, जटिलताओं को हल करने की प्रदक्रया में केंि सबंिुहोते हैं । इस पुस्तक में लेखक ने पुतलस तंत्र, राष रीय सुरिा, मानव अतधकारों की संकल्पना तथा तवतध-तवधान का तव स्तारपूवभक, सुव्यवतस्थत ढंग सेप्रततपािन दकया है । इस तववेचन से पुतलस तंत्र को ही नहीं बतल्क आम व्यक तत को अपने इन मूलभूत अतधकारों की जानकारी तमलेगी
546 ## - LANGUAGE NOTE
Language note Hindi Book
650 ## - SUBJECT ADDED ENTRY--TOPICAL TERM
Topical Term Indian Constitution
Form subdivision human rights
Geographic subdivision India
942 ## - ADDED ENTRY ELEMENTS (KOHA)
Source of classification or shelving scheme Dewey Decimal Classification
Koha item type Books
Holdings
Withdrawn status Lost status Damaged status Not for loan Collection code Home library Current library Date acquired Source of acquisition Bill Date Full call number Accession Number Price effective from Koha item type Public note
        हिंदी पुस्तकों पर विशेष संग्रह NASSDOC Library NASSDOC Library 25/03/2019 OP 25/03/2019 323.0954 VOH-P 50186 25/03/2019 Books हिंदी पुस्तकों पर विशेष संग्रह